[Event "2.BLN 1617 SV Werder Bremen - Glückauf"]
[Site "?"]
[Date "2017.04.23"]
[Round "8.7"]
[White "Dudzinski, Pawel"]
[Black "Mueller, Oliver"]
[Result "1-0"]
[WhiteElo "2249"]
[BlackElo "2282"]
[PlyCount "87"]
[EventDate "2017.??.??"]

1. e4 c5 2. Nc3 d6 3. g3 Nc6 4. Bg2 g6 5. d3 Bg7 6. Be3 Nf6 7. h3 Qa5 8. Nge2
e5 9. O-O O-O 10. f4 exf4 11. Nxf4 Nd4 12. Ncd5 Nxd5 13. Nxd5 Qd8 14. c3 Nc6
15. Qd2 Be6 16. Nf4 Bd7 17. Rf2 Ne7 18. d4 c4 19. g4 Rb8 20. Raf1 b5 21. e5
dxe5 22. dxe5 Bc6 23. Bxa7 Rb7 24. Qxd8 Rxd8 25. Bd4 Bxg2 26. Kxg2 Nc6 27. Ne2
b4 28. e6 fxe6 29. Bxg7 Kxg7 30. Nf4 Rd6 31. Rc1 bxc3 32. Rxc3 e5 33. Ne2 Rxb2
34. Rxc4 Rxa2 35. Nc3 Rd4 36. Rxc6 Rxf2+ 37. Kxf2 Rd3 38. Rc7+ Kg8 39. Kg2 Rd2+
40. Kf3 Rd3+ 41. Ke4 Rxh3 42. Kxe5 Rf3 43. Nd5 Rf7 44. Nf6+ 1-0

[Event "2.BLN 1617 SV Werder Bremen - Glückauf"]
[Site "?"]
[Date "2017.04.23"]
[Round "8.8"]
[White "Buchal, Stephan"]
[Black "Szadkowski, Kamil"]
[Result "1-0"]
[WhiteElo "2303"]
[BlackElo "2235"]
[PlyCount "51"]
[EventDate "2017.??.??"]

1. c4 c5 2. g3 g6 3. Bg2 Bg7 4. Nc3 Nc6 5. Nf3 e5 6. O-O Nge7 7. d3 O-O 8. Ne1
d6 9. Nc2 Be6 10. Ne3 Qd7 11. Ned5 f5 12. a3 Rab8 13. Rb1 f4 14. b4 Nd4 15. e3
fxe3 16. Nxe7+ Qxe7 17. fxe3 Rxf1+ 18. Qxf1 Rf8 19. Qd1 cxb4 20. axb4 Qf7 21.
exd4 Qf2+ 22. Kh1 Bg4 23. Qd2 Qxd4 24. Nb5 Qb6 25. Qe3 Qd8 26. Bd2 1-0

[Event "2.BLN 1617 Preetzer TSV - SK Zehlendorf"]
[Site "?"]
[Date "2017.04.23"]
[Round "8.1"]
[White "Meister, Jakob"]
[Black "Pedersen, Steffen"]
[Result "1/2-1/2"]
[WhiteElo "2429"]
[BlackElo "2368"]
[PlyCount "91"]
[EventDate "2017.??.??"]

1. c4 e6 2. Nc3 d5 3. d4 Be7 4. e4 dxe4 5. Nxe4 Nf6 6. Nc3 O-O 7. Nf3 b6 8. Be2
Bb7 9. O-O c5 10. Be3 cxd4 11. Nxd4 Nc6 12. Bf3 Qc8 13. Nxc6 Bxc6 14. Bxc6 Qxc6
15. Qa4 Qb7 16. Rad1 Rfd8 17. Rxd8+ Rxd8 18. Rd1 Rxd1+ 19. Qxd1 h6 20. h3 Nd7
21. b3 Ne5 22. Bf4 Nc6 23. Kf1 Bf6 24. Ne4 Bd4 25. Nd6 Qe7 26. Nb5 Bc5 27. Bd6
Bxd6 28. Qxd6 Qxd6 29. Nxd6 Kf8 30. Ke2 Ke7 31. Nb5 a6 32. Nc3 Kd6 33. Ke3 f5
34. f3 Nb4 35. Kd2 Nc6 36. Ne2 e5 37. Kc3 Ne7 38. b4 g5 39. Kd3 h5 40. g3 Ng6
41. a3 h4 42. gxh4 Nxh4 43. Ke3 Ng6 44. Kd3 Nh4 45. Ke3 Ng6 46. Kd3 1/2-1/2

[Event "2.BLN 1617 Preetzer TSV - SK Zehlendorf"]
[Site "?"]
[Date "2017.04.23"]
[Round "8.2"]
[White "Jahncke, Giso"]
[Black "Malek, Daniel"]
[Result "1/2-1/2"]
[WhiteElo "2350"]
[BlackElo "2408"]
[PlyCount "123"]
[EventDate "2017.??.??"]

1. c4 Nf6 2. Nf3 e6 3. g3 d5 4. Bg2 dxc4 5. Na3 Bxa3 6. bxa3 Nc6 7. Bb2 O-O 8.
Qc2 Re8 9. Qxc4 e5 10. O-O Be6 11. Qh4 Bd5 12. d3 Qd6 13. e4 Be6 14. d4 exd4
15. e5 Nxe5 16. Nxe5 Qxe5 17. Bxd4 Qf5 18. Bxb7 Rab8 19. Bc6 Bd5 20. Bxd5 Nxd5
21. Rae1 a6 22. Ba1 f6 23. Qa4 Kf7 24. Rxe8 Rxe8 25. Qxa6 Qf3 26. Qa4 Re2 27.
Qb3 Qe4 28. Rd1 Kg6 29. Qb1 Qxb1 30. Rxb1 Rxa2 31. Bb2 Nb6 32. Bd4 Nd5 33. Ra1
Rxa1+ 34. Bxa1 Kf5 35. Kf1 Nb6 36. f3 Ke6 37. Ke2 Kd5 38. Kd3 Nc4 39. a4 Kc5
40. Bc3 Nb6 41. a5 Na4 42. Be1 f5 43. g4 fxg4 44. fxg4 Kb5 45. h4 c5 46. h5 c4+
47. Kd4 Nc5 48. Bc3 Na4 49. Ba1 Nc5 50. Kd5 g6 51. h6 Na4 52. a6 c3 53. Bxc3
Nxc3+ 54. Kd4 Kxa6 55. Kxc3 Kb6 56. Kd4 Kc6 57. Ke5 Kd7 58. Kf6 g5 59. Kg7 Ke7
60. Kxh7 Kf7 61. Kh8 Kf8 62. h7 1/2-1/2

[Event "2.BLN 1617 Preetzer TSV - SK Zehlendorf"]
[Site "?"]
[Date "2017.04.23"]
[Round "8.3"]
[White "Lagunow, Raphael"]
[Black "Bjerre, Jonas"]
[Result "1/2-1/2"]
[WhiteElo "2296"]
[BlackElo "2342"]
[PlyCount "68"]
[EventDate "2017.??.??"]

1. Nf3 Nf6 2. c4 e6 3. g3 b6 4. Bg2 Bb7 5. O-O c5 6. d4 cxd4 7. Qxd4 Nc6 8. Qf4
Be7 9. Nc3 O-O 10. Rd1 d6 11. e4 Qb8 12. b3 a6 13. Bb2 Ra7 14. Ba3 Rd8 15. Rd2
Ba8 16. Rad1 Rad7 17. Qe3 b5 18. cxb5 axb5 19. Bb2 b4 20. Na4 Ne5 21. Nb6 Neg4
22. Nxd7 Nxe3 23. Nxb8 Nxd1 24. Rxd1 Rxb8 25. e5 dxe5 26. Nxe5 Bxg2 27. Kxg2
Ra8 28. Nc6 Bc5 29. Bxf6 gxf6 30. Rc1 Bd6 31. Rc2 Kf8 32. Rd2 Bc5 33. Rc2 Bd6
34. Rd2 Bc5 1/2-1/2

[Event "2.BLN 1617 Preetzer TSV - SK Zehlendorf"]
[Site "?"]
[Date "2017.04.23"]
[Round "8.6"]
[White "Junge, Kai"]
[Black "Kalabic, Faris"]
[Result "1/2-1/2"]
[WhiteElo "2206"]
[BlackElo "2214"]
[PlyCount "20"]
[EventDate "2017.??.??"]

1. Nf3 Nf6 2. g3 b6 3. Bg2 Bb7 4. O-O e6 5. d3 d5 6. Nbd2 Nbd7 7. Re1 Bc5 8. e3
O-O 9. c4 a5 10. b3 Qe7 1/2-1/2

[Event "2.BLN 1617 Preetzer TSV - SK Zehlendorf"]
[Site "?"]
[Date "2017.04.23"]
[Round "8.8"]
[White "Kornrumpf, Joachim"]
[Black "Merz, Ruediger"]
[Result "1-0"]
[WhiteElo "2009"]
[BlackElo "1891"]
[PlyCount "59"]
[EventDate "2017.??.??"]

1. b3 e5 2. Bb2 Nc6 3. e3 Nf6 4. c4 d5 5. cxd5 Nxd5 6. a3 Bd6 7. Qc2 Be6 8. Nf3
Qe7 9. d3 O-O 10. Be2 f6 11. Nbd2 Rac8 12. O-O Rfd8 13. b4 a6 14. Rac1 Qf7 15.
Rfe1 Nb6 16. Bf1 Be7 17. Qb1 Na4 18. Ba1 g5 19. Qc2 Nb6 20. h3 h5 21. Ne4 g4
22. hxg4 hxg4 23. Nfd2 Nd7 24. d4 exd4 25. exd4 Bd5 26. Nc3 Nxd4 27. Qd3 c5 28.
Nxd5 Ne5 29. Nxe7+ Qxe7 30. Qe4 1-0

[Event "2.BLN 1617 SF Berlin - Rotation Pankow"]
[Site "?"]
[Date "2017.04.23"]
[Round "8.1"]
[White "Rietze, Clemens"]
[Black "Polzin, Rainer"]
[Result "1-0"]
[WhiteElo "2313"]
[BlackElo "2423"]
[PlyCount "73"]
[EventDate "2017.??.??"]

1. d4 Nf6 2. c4 g6 3. Nc3 Bg7 4. e4 d6 5. f3 O-O 6. Be3 c5 7. Nge2 Nc6 8. d5
Ne5 9. Ng3 e6 10. Be2 exd5 11. cxd5 a6 12. a4 Bd7 13. O-O b5 14. h3 Re8 15. f4
Nc4 16. Bxc4 bxc4 17. Qe2 Rb8 18. Qxc4 h5 19. e5 h4 20. Nge2 Rb4 21. Qxa6 Ne4
22. Nxe4 Rxe4 23. Rf3 dxe5 24. Bxc5 Bc8 25. Qd3 exf4 26. Nc3 Bf5 27. Qd2 Rc4
28. Bf2 Qb8 29. a5 Rb4 30. Ra2 Rd8 31. a6 g5 32. a7 Qb7 33. d6 Be6 34. Ra5 Rxb2
35. a8=Q Rxa8 36. Rxa8+ Bf8 37. Rxf8+ 1-0

[Event "2.BLN 1617 SF Berlin - Rotation Pankow"]
[Site "?"]
[Date "2017.04.23"]
[Round "8.2"]
[White "Ahmadinia, Ebrahim"]
[Black "Dauth, Benjamin"]
[Result "1/2-1/2"]
[WhiteElo "2394"]
[BlackElo "2317"]
[PlyCount "96"]
[EventDate "2017.??.??"]

1. e4 e5 2. Nc3 Nc6 3. g3 Nf6 4. Bg2 Bc5 5. Nge2 O-O 6. O-O Nd4 7. h3 c6 8. d3
h6 9. Nxd4 Bxd4 10. Ne2 Bb6 11. d4 d5 12. exd5 exd4 13. dxc6 bxc6 14. Qd3 a5
15. Rd1 Ra7 16. Bxc6 Bxh3 17. Bf4 Nd5 18. Qb5 Bg4 19. Bxd5 Bxe2 20. Qxe2 Qxd5
21. c3 Rd7 22. cxd4 Bxd4 23. Rd2 g5 24. Be3 Qe5 25. Qf3 Rd6 26. Rad1 Rf6 27.
Bxd4 Qxd4 28. Rxd4 Rxf3 29. Rd5 a4 30. R1d4 Re8 31. Rd8 Rxd8 32. Rxd8+ Kg7 33.
Ra8 Kg6 34. Rxa4 Kf5 35. Rb4 Rd3 36. a4 Rd1+ 37. Kg2 Ra1 38. Rb5+ Ke4 39. a5 f5
40. b4 f4 41. f3+ Kd4 42. gxf4 gxf4 43. Kh3 Ke3 44. Kg4 Rg1+ 45. Kh5 Ra1 46.
Kg4 Rg1+ 47. Kh5 Ra1 48. Kg4 Rg1+ 1/2-1/2

[Event "2.BLN 1617 SF Berlin - Rotation Pankow"]
[Site "?"]
[Date "2017.04.23"]
[Round "8.3"]
[White "Bruchmann, Stephan"]
[Black "Wendt, Jan-Dietrich"]
[Result "1/2-1/2"]
[WhiteElo "2268"]
[BlackElo "2290"]
[PlyCount "47"]
[EventDate "2017.??.??"]

1. e4 c5 2. Nf3 e6 3. Nc3 a6 4. d4 cxd4 5. Nxd4 b5 6. Bd3 Bb7 7. O-O Qb6 8. Be3
Bc5 9. Nce2 Nc6 10. c3 Nf6 11. b4 Bxd4 12. Nxd4 Qc7 13. f4 Nxd4 14. Bxd4 Nxe4
15. f5 e5 16. Bxe4 Bxe4 17. Bc5 d5 18. a4 bxa4 19. Rxa4 f6 20. Qh5+ Qf7 21. Qe2
Qb7 22. Qh5+ Qf7 23. Qe2 Qb7 24. Qh5+ 1/2-1/2

[Event "2.BLN 1617 SF Berlin - Rotation Pankow"]
[Site "?"]
[Date "2017.04.23"]
[Round "8.4"]
[White "Nogly, Christoph"]
[Black "Neumeier, Lars"]
[Result "0-1"]
[WhiteElo "2238"]
[BlackElo "2348"]
[PlyCount "94"]
[EventDate "2017.??.??"]

1. d4 Nf6 2. c4 c5 3. d5 b5 4. Nf3 bxc4 5. Nc3 d6 6. e4 g6 7. Bxc4 Bg7 8. O-O
O-O 9. Re1 Bg4 10. h3 Bxf3 11. Qxf3 Nbd7 12. Qe2 Rb8 13. Rb1 Ne8 14. Bd2 Ne5
15. b3 Nc7 16. Nb5 Nxc4 17. bxc4 Nxb5 18. cxb5 Qd7 19. a4 a6 20. Qc4 axb5 21.
axb5 Rb7 22. Rb3 Ra8 23. Reb1 Rb6 24. Be3 Ra5 25. f4 Qa7 26. e5 Ra4 27. Qc2 Qa8
28. Qd1 Bh6 29. Qf3 Qc8 30. Rf1 Qf5 31. exd6 exd6 32. g4 Qc2 33. Qd1 Qxd1 34.
Rxd1 Bxf4 35. Kf2 Bxe3+ 36. Kxe3 Rb4 37. Rxb4 cxb4 38. Kd4 Rxb5 39. Kc4 Rb7 40.
Kb3 Kg7 41. g5 h6 42. h4 hxg5 43. hxg5 Rb6 44. Rd2 Rb5 45. Kc4 Rc5+ 46. Kxb4 f6
47. Re2 fxg5 0-1

[Event "2.BLN 1617 SF Berlin - Rotation Pankow"]
[Site "?"]
[Date "2017.04.23"]
[Round "8.5"]
[White "Steinhagen, Bernd"]
[Black "Lundin, Jan"]
[Result "1/2-1/2"]
[WhiteElo "2241"]
[BlackElo "2251"]
[PlyCount "122"]
[EventDate "2017.??.??"]

1. c4 e5 2. Nc3 Nc6 3. g3 g6 4. Bg2 Bg7 5. Rb1 a5 6. a3 f5 7. b4 axb4 8. axb4
d6 9. d3 Nf6 10. e3 O-O 11. Nge2 Nh5 12. b5 Ne7 13. f4 Re8 14. O-O Kh8 15. Bb2
Nf6 16. h3 c6 17. Ra1 Rxa1 18. Qxa1 Qb6 19. d4 exf4 20. Nxf4 g5 21. Nd3 Ng6 22.
Re1 Qc7 23. Kh2 Be6 24. Qa4 Bd7 25. Qb4 Nh5 26. b6 Qb8 27. d5 c5 28. Qb3 Qd8
29. Nd1 Nf6 30. N1f2 Re7 31. e4 fxe4 32. Nxe4 Nxe4 33. Rxe4 Bf5 34. Bxg7+ Kxg7
35. Qb2+ Kg8 36. Rxe7 Qxe7 37. Nf2 Qe3 38. g4 Bb1 39. Kg1 Qe1+ 40. Kh2 Ne5 41.
Nh1 Qb4 42. Qa1 Qxb6 43. Ng3 Bg6 44. Qa8+ Kg7 45. Qc8 Qb2 46. Kh1 Qc1+ 47. Kh2
Qxc4 48. Qxb7+ Nf7 49. Qb2+ Qd4 50. Qb6 Qb4 51. Qa7 Qf4 52. Qa1+ Qe5 53. Qa6
Qd4 54. Qb6 Qf2 55. Qa7 Kf6 56. Qb6 Qf4 57. Qb2+ Ne5 58. Qb6 Kg7 59. Qb7+ Qf7
60. Qb8 Qd7 61. Be4 Nf7 1/2-1/2

[Event "2.BLN 1617 SF Berlin - Rotation Pankow"]
[Site "?"]
[Date "2017.04.23"]
[Round "8.7"]
[White "Guth, Thomas"]
[Black "Brettschneider, Stefan"]
[Result "1-0"]
[WhiteElo "2330"]
[BlackElo "2259"]
[PlyCount "65"]
[EventDate "2017.??.??"]

1. e4 d6 2. Nc3 g6 3. h4 h5 4. Nh3 Bg7 5. Bc4 Nc6 6. Ng5 Nh6 7. a3 O-O 8. d3 e6
9. Bf4 e5 10. Bd2 Ne7 11. f3 c6 12. Qc1 d5 13. Bb3 Qd6 14. exd5 Nhf5 15. Nce4
Qd8 16. dxc6 bxc6 17. Bc4 Nd5 18. Bb4 Nxb4 19. axb4 Qb6 20. Qd2 Ne3 21. Bb3 Nd5
22. Ra4 Bh6 23. Qf2 Be6 24. O-O Nf4 25. Qxb6 axb6 26. Nxe6 fxe6 27. Kf2 Kf7 28.
Rfa1 Rxa4 29. Rxa4 Rd8 30. Ra7+ Kf8 31. Rc7 Nd5 32. Rxc6 Nxb4 33. Rxe6 1-0

[Event "2.BLN 1617 SF Berlin - Rotation Pankow"]
[Site "?"]
[Date "2017.04.23"]
[Round "8.8"]
[White "Noetzel, Felix"]
[Black "Boetzer, Detlef"]
[Result "1/2-1/2"]
[WhiteElo "2173"]
[BlackElo "2231"]
[PlyCount "24"]
[EventDate "2017.??.??"]

1. e4 e6 2. d4 d5 3. Nd2 Nf6 4. Bd3 c5 5. c3 cxd4 6. cxd4 dxe4 7. Nxe4 Nxe4 8.
Bxe4 Bb4+ 9. Bd2 Bxd2+ 10. Qxd2 O-O 11. Ne2 Nd7 12. Nc3 Nf6 1/2-1/2

[Event "2.BLN 1617 Glückauf Rüdersd - Preetzer"]
[Site "?"]
[Date "2017.05.07"]
[Round "9.1"]
[White "Ochsner, Bjorn Moller"]
[Black "Janaszak, Dawid"]
[Result "1/2-1/2"]
[WhiteElo "2436"]
[BlackElo "2381"]
[PlyCount "109"]
[EventDate "2017.??.??"]

1. e4 c5 2. Nf3 Nc6 3. Bb5 g6 4. Bxc6 bxc6 5. O-O Bg7 6. Re1 Nh6 7. c3 f5 8. e5
O-O 9. d3 Nf7 10. Bf4 e6 11. Qd2 Re8 12. Na3 d5 13. h4 h6 14. c4 Rb8 15. Rad1
a5 16. g3 Re7 17. Qc1 Reb7 18. Re2 Bf8 19. Kg2 Bd7 20. Nb1 a4 21. Nc3 Ra8 22.
cxd5 cxd5 23. Nxd5 Bc6 24. Nf6+ Kg7 25. Qe3 Rab8 26. Rdd2 Rb4 27. Kg1 R8b5 28.
d4 Bxf3 29. Qxf3 cxd4 30. a3 Rc4 31. Kh2 Be7 32. Qd3 Rbc5 33. g4 Bxf6 34. exf6+
Qxf6 35. g5 hxg5 36. hxg5 Nxg5 37. Bxg5 Qxg5 38. Rxe6 Rc8 39. Qg3 Qxg3+ 40.
Kxg3 Rd8 41. Rd3 Rb8 42. Rd6 Rxb2 43. R6xd4 Rxd4 44. Rxd4 Rb3+ 45. Kf4 Kf6 46.
Rd6+ Kf7 47. Kg5 Rxa3 48. Ra6 Ke7 49. Kxg6 f4 50. Kf5 f3 51. Ke4 Kd7 52. Kd4
Kc7 53. Ra7+ Kc6 54. Ra8 Kb5 55. Rb8+ {(=)} 1/2-1/2

[Event "2.BLN 1617 Glückauf Rüdersd - Preetzer"]
[Site "?"]
[Date "2017.05.07"]
[Round "9.2"]
[White "Steczek, Marcin"]
[Black "Pedersen, Steffen"]
[Result "1-0"]
[WhiteElo "2385"]
[BlackElo "2372"]
[PlyCount "65"]
[EventDate "2017.??.??"]

1. c4 e6 2. Nf3 Nf6 3. g3 d5 4. Bg2 c5 5. cxd5 Nxd5 6. O-O Nc6 7. Nc3 Be7 8. d3
O-O 9. Bd2 b6 10. a3 Bb7 11. Rb1 Nf6 12. Qa4 Nd4 13. Nxd4 Bxg2 14. Nxe6 Qc8 15.
Kxg2 Qxe6 16. Qc4 Qc6+ 17. Kg1 Rfd8 18. Be3 a6 19. Rfc1 Qd7 20. Bg5 Qf5 21. Qf4
Qe6 22. Bxf6 Bxf6 23. Qe4 Qd6 24. Qf3 Bd4 25. Ne4 Qe7 26. b4 cxb4 27. axb4 Rac8
28. e3 Rxc1+ 29. Rxc1 Bb2 30. Rc6 Ba3 31. Rxb6 Bxb4 32. Rb7 Rd7 33. Nf6+ 1-0

[Event "2.BLN 1617 Glückauf Rüdersd - Preetzer"]
[Site "?"]
[Date "2017.05.07"]
[Round "9.3"]
[White "Hansen, Mads"]
[Black "Dudzinski, Piotr"]
[Result "1-0"]
[WhiteElo "2440"]
[BlackElo "2338"]
[PlyCount "97"]
[EventDate "2017.??.??"]

1. e4 e6 2. d4 d5 3. Nc3 dxe4 4. Nxe4 Bd7 5. Nf3 Bc6 6. Bd3 Nd7 7. c3 Ngf6 8.
Nxf6+ Nxf6 9. Bf4 Bd6 10. Ne5 Bxe5 11. Bxe5 Qd5 12. f3 O-O-O 13. Qd2 Ne8 14. c4
Qd7 15. O-O-O f6 16. Bg3 Qxd4 17. Bf2 Qxd3 18. Qxd3 Rxd3 19. Rxd3 Nd6 20. Re1
Re8 21. b3 a6 22. h4 e5 23. h5 f5 24. Rde3 e4 25. f4 Rg8 26. Rg3 Be8 27. Bd4 g6
28. hxg6 Bxg6 29. Rd1 Re8 30. Kb2 Bh5 31. Rh1 Bg6 32. Kc3 Kd7 33. a4 Kc6 34.
Rgh3 Rd8 35. Rd1 Re8 36. Be3 b6 37. Rd5 Bf7 38. Re5 Bg6 39. Rh1 Rb8 40. Rd5 b5
41. Rc5+ Kd7 42. cxb5 axb5 43. a5 Ra8 44. Kb4 Ra6 45. Rd1 c6 46. Re5 Bf7 47.
Rxf5 Bd5 48. Rh5 Ke6 49. Rh6+ 1-0

[Event "2.BLN 1617 Glückauf Rüdersd - Preetzer"]
[Site "?"]
[Date "2017.05.07"]
[Round "9.4"]
[White "Wlodarczyk, Oskar"]
[Black "Schwarz, Frank"]
[Result "0-1"]
[WhiteElo "2281"]
[BlackElo "2221"]
[PlyCount "140"]
[EventDate "2017.??.??"]

1. Nf3 Nf6 2. b3 e6 3. Bb2 d5 4. e3 Bd6 5. c4 Nbd7 6. Be2 c6 7. O-O O-O 8. d4
Ne4 9. Nbd2 f5 10. Ne5 Nxe5 11. dxe5 Bc5 12. Qc2 Nxd2 13. Qxd2 Qe7 14. Bc3 Bd7
15. a4 a6 16. b4 Ba7 17. Rab1 Be8 18. Bd4 Bxd4 19. Qxd4 Bg6 20. f4 a5 21. Qb6
Rfd8 22. Rfd1 Rd7 23. cxd5 exd5 24. b5 c5 25. Rbc1 c4 26. Bf3 Bf7 27. g4 g6 28.
Kh1 Qe6 29. Qxe6 Bxe6 30. g5 Rc8 31. Rc3 Kf7 32. Kg2 Ke7 33. h4 Kd8 34. h5 Kc7
35. Rh1 Kb6 36. hxg6 hxg6 37. Rh6 Rg8 38. Bh5 Rdg7 39. Kf2 Kc5 40. Bd1 Rd7 41.
Rc1 d4 42. exd4+ Rxd4 43. Bf3 Rd2+ 44. Ke3 Ra2 45. Rh7 Rd8 46. Rc7+ Kb4 47. Be2
Ra3+ 48. Kf2 Rd4 49. Rxb7 Rxf4+ 50. Ke1 Ra2 51. Rb1+ Kc3 52. Rh7 Re4 53. Rh2
Bd5 54. b6 Bb7 55. e6 Rxe6 56. Rh3+ Kd4 57. Rh4+ Re4 58. Rxe4+ fxe4 59. Rd1+
Kc5 60. Rd7 Bc6 61. Ra7 Ra1+ 62. Kd2 Kxb6 63. Rg7 Kc5 64. Rxg6 Bd5 65. Ra6 Kd4
66. Rxa5 c3+ 67. Kc2 Ra2+ 68. Kd1 Bb3+ 69. Ke1 c2 70. Kd2 e3+ 0-1

[Event "2.BLN 1617 Glückauf Rüdersd - Preetzer"]
[Site "?"]
[Date "2017.05.07"]
[Round "9.5"]
[White "Junge, Kai"]
[Black "Sroczynski, Maciej"]
[Result "1/2-1/2"]
[WhiteElo "2209"]
[BlackElo "2306"]
[PlyCount "50"]
[EventDate "2017.??.??"]

1. Nf3 c5 2. g3 Nc6 3. Bg2 g6 4. O-O Bg7 5. c3 e5 6. d4 cxd4 7. cxd4 e4 8. Ne5
d5 9. Nxc6 bxc6 10. Nc3 Ne7 11. Na4 O-O 12. e3 g5 13. f3 f5 14. Nc5 Qd6 15. f4
Qh6 16. Qa4 gxf4 17. exf4 a5 18. Be3 Ba6 19. Rfe1 Bb5 20. Qa3 Qd6 21. Qc3 Rfb8
22. b3 a4 23. bxa4 Bxa4 24. Reb1 Rxb1+ 25. Rxb1 Bb5 {(=)} 1/2-1/2

[Event "2.BLN 1617 Glückauf Rüdersd - Preetzer"]
[Site "?"]
[Date "2017.05.07"]
[Round "9.6"]
[White "Szyszylo, Rafal"]
[Black "Hamann, Carsten"]
[Result "1-0"]
[WhiteElo "2217"]
[BlackElo "2117"]
[PlyCount "95"]
[EventDate "2017.??.??"]

1. e4 e6 2. d4 d5 3. e5 c5 4. c3 Nc6 5. Nf3 Qb6 6. a3 Nh6 7. b4 cxd4 8. cxd4
Nf5 9. Be3 f6 10. exf6 gxf6 11. Nc3 Nxe3 12. fxe3 Bh6 13. Kf2 O-O 14. Na4 Qd8
15. Bb5 Ne7 16. Re1 Nf5 17. e4 dxe4 18. Rxe4 Nd6 19. Rg4+ Kh8 20. Bd3 f5 21.
Rh4 Bg5 22. Nxg5 Qxg5 23. Qh5 Qg7 24. Qh6 Rg8 25. Qxg7+ Rxg7 26. Re1 b6 27. Nc3
Bd7 28. d5 Rc8 29. dxe6 Rxc3 30. Rd4 Ne4+ 31. Rexe4 fxe4 32. exd7 Rxd7 33. Rxd7
exd3 34. Rxa7 Rc2+ 35. Kf3 d2 36. Ke2 d1=Q+ 37. Kxd1 Rxg2 38. Rb7 Ra2 39. Rxb6
Rxa3 40. Rh6 Kg7 41. Rh4 Kg6 42. Kc1 h5 43. Kb2 Ra4 44. Kb3 Ra1 45. b5 Rb1+ 46.
Ka4 Rb2 47. h3 Kg5 48. Rb4 1-0

[Event "2.BLN 1617 Glückauf Rüdersd - Preetzer"]
[Site "?"]
[Date "2017.05.07"]
[Round "9.7"]
[White "Schwarzat, Julian"]
[Black "Dudzinski, Pawel"]
[Result "1/2-1/2"]
[WhiteElo "2081"]
[BlackElo "2237"]
[PlyCount "51"]
[EventDate "2017.??.??"]

1. e4 c6 2. d4 d5 3. exd5 cxd5 4. Bd3 Nc6 5. c3 g6 6. Bf4 Bg7 7. Nf3 Nf6 8. O-O
Bf5 9. Qc2 Bxd3 10. Qxd3 Qb6 11. Nbd2 a5 12. a4 O-O 13. Rfe1 Nh5 14. Bg3 Nxg3
15. hxg3 e6 16. g4 Rfe8 17. g5 h6 18. gxh6 Bxh6 19. Nf1 Qa6 20. Qc2 b5 21. Ne5
Nxe5 22. dxe5 b4 23. Ne3 bxc3 24. bxc3 Kg7 25. Ng4 Bg5 26. g3 1/2-1/2

[Event "2.BLN 1617 Glückauf Rüdersd - Preetzer"]
[Site "?"]
[Date "2017.05.07"]
[Round "9.8"]
[White "Szadkowski, Kamil"]
[Black "Kornrumpf, Joachim"]
[Result "1-0"]
[WhiteElo "2240"]
[BlackElo "2073"]
[PlyCount "47"]
[EventDate "2017.??.??"]

1. e4 c5 2. Nf3 e6 3. d4 cxd4 4. Nxd4 a6 5. Bd3 Qc7 6. O-O Nf6 7. Qe2 d6 8. f4
Nbd7 9. Nc3 Be7 10. Nf3 Nc5 11. e5 dxe5 12. fxe5 Nxd3 13. cxd3 Nd7 14. Bg5 Nxe5
15. Nxe5 Bxg5 16. Rxf7 Qb6+ 17. Kh1 Bf6 18. Rxg7 Bxg7 19. Qh5+ Kd8 20. Qg5+ Ke8
21. Qxg7 Rf8 22. Ne4 Qd8 23. Qxh7 Qd4 24. Ng6 1-0

[Event "2.BLN 1617 SK Norderstedt - SV Werder B"]
[Site "?"]
[Date "2017.05.07"]
[Round "9.1"]
[White "Meins, Gerlef"]
[Black "Trent, Lawrence"]
[Result "1-0"]
[WhiteElo "2416"]
[BlackElo "2455"]
[PlyCount "103"]
[EventDate "2017.??.??"]

1. d4 Nf6 2. c4 e6 3. g3 d5 4. Nf3 Be7 5. Bg2 O-O 6. O-O dxc4 7. Ne5 Nc6 8.
Bxc6 bxc6 9. Nxc6 Qe8 10. Nxe7+ Qxe7 11. Qc2 c5 12. Qxc4 cxd4 13. Qxd4 e5 14.
Qh4 Qb7 15. Nc3 Rd8 16. Bg5 Rd4 17. Rfd1 Ng4 18. Be3 Rxd1+ 19. Rxd1 h6 20. Qd8+
Kh7 21. Qd3+ g6 22. Qd5 Nxe3 23. Qxb7 Bxb7 24. fxe3 Bc6 25. Rd6 Rc8 26. Kf2 Kg7
27. e4 Kf8 28. Ke3 Ke7 29. Rd3 Rb8 30. b3 Ke6 31. Nd1 Rb4 32. Nf2 f5 33. a3 Rb8
34. Rc3 Kd6 35. exf5 gxf5 36. Nd3 Bd5 37. b4 a5 38. bxa5 Rb5 39. Nb4 Bg2 40. a6
Ra5 41. Kf2 Be4 42. Ke3 h5 43. Kd2 Bg2 44. Kc2 Bf1 45. Rd3+ Ke6 46. Re3 Rc5+
47. Kd2 Kd6 48. Rf3 Bh3 49. Rd3+ Ke6 50. Rd5 Rc8 51. Ra5 Bg2 52. Nd3 1-0

[Event "2.BLN 1617 SK Norderstedt - SV Werder B"]
[Site "?"]
[Date "2017.05.07"]
[Round "9.2"]
[White "Ostrovskiy, Andrey"]
[Black "Joachim, Sven"]
[Result "1/2-1/2"]
[WhiteElo "2444"]
[BlackElo "2398"]
[PlyCount "32"]
[EventDate "2017.??.??"]

1. e4 c5 2. Nf3 Nc6 3. d4 cxd4 4. Nxd4 Nf6 5. Nc3 d6 6. f3 Qb6 7. Nb3 e6 8. Qe2
a6 9. Be3 Qc7 10. O-O-O b5 11. g4 Rb8 12. g5 Nd7 13. f4 Nb6 14. Qf2 Na4 15. Bd2
Nxc3 16. Bxc3 b4 1/2-1/2

[Event "2.BLN 1617 SK Norderstedt - SV Werder B"]
[Site "?"]
[Date "2017.05.07"]
[Round "9.3"]
[White "Richter, Christian"]
[Black "Kopylov, Michael"]
[Result "1/2-1/2"]
[WhiteElo "2363"]
[BlackElo "2433"]
[PlyCount "30"]
[EventDate "2017.??.??"]

1. Nf3 d5 2. d4 Nf6 3. c4 dxc4 4. e3 e6 5. Bxc4 a6 6. a4 c5 7. O-O Nc6 8. Nc3
Be7 9. Qe2 O-O 10. Rd1 Qc7 11. d5 exd5 12. Nxd5 Nxd5 13. Bxd5 Nb4 14. Bc4 Bf6
15. e4 Bg4 1/2-1/2

[Event "2.BLN 1617 SK Norderstedt - SV Werder B"]
[Site "?"]
[Date "2017.05.07"]
[Round "9.4"]
[White "Krause, Benedict"]
[Black "Grigorian, Spartak"]
[Result "1/2-1/2"]
[WhiteElo "2421"]
[BlackElo "2341"]
[PlyCount "215"]
[EventDate "2017.??.??"]

1. e4 c5 2. Nf3 d6 3. d4 cxd4 4. Nxd4 Nf6 5. Nc3 a6 6. Bg5 e6 7. f4 h6 8. Bh4
Qb6 9. Qd2 Qxb2 10. Rb1 Qa3 11. e5 dxe5 12. fxe5 Nfd7 13. Ne4 Qxa2 14. Rd1 Qd5
15. Qe3 Qxe5 16. Be2 Bc5 17. Bg3 Qd5 18. c4 Bxd4 19. Rxd4 Qa5+ 20. Rd2 O-O 21.
Bd6 f5 22. Bxf8 Nxf8 23. Nd6 Nbd7 24. g4 fxg4 25. O-O Qc5 26. Qxc5 Nxc5 27.
Bxg4 Bd7 28. Bf3 Rb8 29. Nxb7 Nxb7 30. Rb1 Rc8 31. Rxb7 Rxc4 32. Rdxd7 Nxd7 33.
Rxd7 Rf4 34. Kg2 g6 35. Kg3 Rf7 36. Rd6 Kg7 37. Rxa6 Rf6 38. Bg4 e5 39. Ra5 h5
40. Bh3 Rb6 41. Rxe5 Rb3+ 42. Kg2 Rb2+ 43. Kg1 Rb1+ 44. Bf1 Rb2 45. Re6 Kf7 46.
Ra6 Rd2 47. Bg2 Rd1+ 48. Kf2 Rd2+ 49. Kg3 Rd3+ 50. Kf4 Rd2 51. Be4 Rxh2 52.
Bxg6+ Ke7 53. Ke5 Re2+ 54. Be4 Re1 55. Ra7+ Kf8 56. Rh7 Ke8 57. Rxh5 Ke7 58.
Rh7+ Kd8 59. Kd5 Rd1+ 60. Kc6 Ke8 61. Bd5 Rf1 62. Kd6 Kf8 63. Bc4 Rf4 64. Be6
Rf1 65. Ke5 Ke8 66. Bg4 Rg1 67. Bf5 Rd1 68. Rg7 Kd8 69. Be6 Ke8 70. Bc4 Kd8 71.
Bd5 Ke8 72. Kd6 Rf1 73. Rg2 Rf6+ 74. Be6 Rf1 75. Rg6 Rd1+ 76. Bd5 Rf1 77. Rg7
Rf6+ 78. Be6 Rf1 79. Rc7 Kf8 80. Ke5 Ke8 81. Bh3 Rh1 82. Bf5 Rd1 83. Kf6 Rd6+
84. Be6 Rd1 85. Rc6 Rf1+ 86. Bf5 Rd1 87. Bg4 Rf1+ 88. Bf5 Rd1 89. Bh3 Rd3 90.
Bg4 Rd4 91. Be6 Rd1 92. Rc8+ Rd8 93. Rc7 Rd1 94. Rg7 Kd8 95. Ke5 Ke8 96. Kf6
Kd8 97. Bg4 Rf1+ 98. Ke5 Ke8 99. Kd6 Rf6+ 100. Be6 Rf1 101. Ra7 Kf8 102. Ke5
Ke8 103. Bg4 Re1+ 104. Kf6 Rf1+ 105. Bf5 Rd1 106. Rg7 Kd8 107. Rg8+ Kc7 108.
Rg2 1/2-1/2